000 00491nam a2200193Ia 4500
008 170918s9999 xx 000 0 und d
020 _a9780439442602
050 _bN971 2002
100 _aNumeroff, Laura
245 _aIf you take a mouse to school /
245 _cLaura Numeroff ; illustrated by Felicia Bond.
260 _aNew York :
260 _bScholastic,
260 _c2002
300 _aunpaged :
300 _bcolored illustration ;
300 _c23cm.
500 _a190
999 _c341429
_d341429